| 000 | 00367nam a2200145Ia 4500 | ||
|---|---|---|---|
| 008 | 150301s2015 xx 000 0 und d | ||
| 082 |
_a610.7368 _bP15T |
||
| 100 | _aTOWNSEND, MARG C. | ||
| 245 | _aPSYCHIATRIC MENTAL HEALTH NURSING | ||
| 250 | _a8TH | ||
| 260 |
_bJAYPEE MEDICAL PUB. _c2015 |
||
| 300 | _a961 | ||
| 650 | _aPSYCHIATRIC NURSING | ||
| 942 |
_2ddc _cBK _043 |
||
| 999 |
_c6799 _d6799 |
||